[Event "SVK-chT2C 1314"]
[Site "Slovakia"]
[Date "2014.01.11"]
[Round "5.7"]
[White "Bohdal, Jan"]
[Black "Chyla, Jiri"]
[Result "1-0"]
[WhiteElo "1932"]
[BlackElo "1973"]
[PlyCount "89"]
[EventDate "2013.10.19"]
[EventType "team-tourn"]
[EventRounds "11"]
[EventCountry "SVK"]
[SourceTitle "EXT 2015"]
[Source "ChessBase"]
[SourceDate "2014.11.20"]
[SourceVersion "1"]
[SourceVersionDate "2014.11.20"]
[SourceQuality "1"]
[WhiteTeam "Banska Bystrica Veza"]
[BlackTeam "Jelsava Magnezit"]
[WhiteTeamCountry "SVK"]
[BlackTeamCountry "SVK"]

1. e4 e5 2. Nf3 Nf6 3. Bc4 Bc5 4. Nc3 d6 5. d3 c6 6. 0-0 0-0 7. a3 Bg4 8. Be3 Nbd7 9. Kh1 b5 10. Bb3 a5 11. Ne2 Qe7 12. h3 Bxf3 13. gxf3 d5 14. Ng3 Kh8 15. Nf5 Qe6 16. Kh2 Nh5 17. Qc1 Bxe3 18. fxe3 g6 19. Ng3 Nxg3 20. Kxg3 Nf6 21. f4 Nh5+ 22. Kh2 f5 23. Qd2 a4 24. Ba2 Rf6 25. Qc3 fxe4 26. dxe4 Raf8 27. exd5 cxd5 28. Rad1 exf4 29. Bxd5 Qxe3 30. Rd3 Qe2+ 31. Kg1 Ng3 32. Rxg3 Qxf1+ 33. Kxf1 fxg3+ 34. Kg2 Kg7 35. Kxg3 h5 36. h4 Kh7 37. Qc7+ Kh6 38. Qe5 Rf5 39. Qe3+ Kg7 40. Be4 Rf1 41. Bg2 R1f5 42. Be4 Rf1 43. Bd3 R1f7 44. Qe5+ Kh6 45. Qg5+ 1-0

[Event "SVK-chT2C 10/11"]
[Site "Slovakia"]
[Date "2011.01.08"]
[Round "5.1"]
[White "Bohdal, Jan"]
[Black "Auxt, Jan"]
[Result "1-0"]
[WhiteElo "1759"]
[BlackElo "1646"]
[PlyCount "93"]
[EventDate "2010.10.23"]
[EventType "team-tourn"]
[EventRounds "11"]
[EventCountry "SVK"]
[SourceTitle "EXT 2019"]
[Source "ChessBase"]
[SourceDate "2018.10.10"]
[SourceVersion "1"]
[SourceVersionDate "2018.10.10"]
[SourceQuality "1"]
[WhiteTeam "Banska Bystrica CVC"]
[BlackTeam "Banska Bystrica Kurta"]
[WhiteTeamCountry "SVK"]
[BlackTeamCountry "SVK"]

1. e4 c5 2. Nf3 d6 3. d4 cxd4 4. Nxd4 Nf6 5. Nc3 a6 6. Be2 e6 7. 0-0 Be7 8. Be3 Nbd7 9. Nb3 b5 10. a3 Bb7 11. Bf3 0-0 12. Bf4 Qb6 13. Re1 Rfd8 14. Qe2 Rac8 15. Rad1 Nc5 16. Nxc5 dxc5 17. e5 Bxf3 18. Qxf3 Nd7 19. Ne4 Rc6 20. Qg3 f6 21. Bh6 g6 22. exf6 Nxf6 23. Nxf6+ Bxf6 24. Qf3 Rxd1 25. Rxd1 Rd6 26. Qa8+ Qd8 27. Qxd8+ Rxd8 28. Rxd8+ Bxd8 29. Be3 Bf6 30. b3 Bd4 31. Bxd4 cxd4 32. f4 Kf7 33. Kf2 Kf6 34. Kf3 e5 35. Ke4 exf4 36. Kxf4 Ke6 37. Ke4 h5 38. Kxd4 Kd6 39. h4 a5 40. g3 a4 41. b4 Kc6 42. c4 bxc4 43. Kxc4 Kb6 44. Kd5 Kb5 45. Kd4 Kb6 46. Kc4 Kc6 47. b5+ 1-0

[Event "SVK-chT2C 0607"]
[Site "Slovakia"]
[Date "2006.12.17"]
[Round "6.1"]
[White "Mudron, Jan"]
[Black "Bohdal, Jan"]
[Result "1/2-1/2"]
[WhiteElo "1775"]
[BlackElo "1723"]
[PlyCount "34"]
[EventDate "2006.10.14"]
[EventType "team-tourn"]
[EventRounds "11"]
[EventCountry "SVK"]
[SourceTitle "EXT 2008"]
[Source "ChessBase"]
[SourceDate "2007.11.25"]
[SourceVersion "1"]
[SourceVersionDate "2007.11.25"]
[SourceQuality "1"]
[WhiteTeam "Liptov SK Vychod"]
[BlackTeam "Martin MSK"]
[WhiteTeamCountry "SVK"]
[BlackTeamCountry "SVK"]

1. d4 Nf6 2. c4 g6 3. Nc3 Bg7 4. e4 d6 5. Nf3 0-0 6. Be2 Nc6 7. 0-0 e5 8. d5 Ne7 9. h3 Ne8 10. Nd2 f5 11. f3 f4 12. b4 Nf6 13. Bb2 g5 14. c5 Nh5 15. Nc4 a6 16. a4 Ng3 17. Re1 Rf6 1/2-1/2

[Event "SVK-chT2C 0607"]
[Site "Slovakia"]
[Date "2006.10.14"]
[Round "1.2"]
[White "Holeczy, Martin"]
[Black "Bohdal, Jan"]
[Result "1-0"]
[WhiteElo "1869"]
[BlackElo "1723"]
[PlyCount "63"]
[EventDate "2006.10.14"]
[EventType "team-tourn"]
[EventRounds "11"]
[EventCountry "SVK"]
[SourceTitle "EXT 2008"]
[Source "ChessBase"]
[SourceDate "2007.11.25"]
[SourceVersion "1"]
[SourceVersionDate "2007.11.25"]
[SourceQuality "1"]
[WhiteTeam "Banska Bystrica TH Junior"]
[BlackTeam "Martin MSK"]
[WhiteTeamCountry "SVK"]
[BlackTeamCountry "SVK"]

1. Nf3 d5 2. d4 Nf6 3. c4 e6 4. Nc3 Be7 5. Bg5 Nbd7 6. e3 0-0 7. Rc1 h6 8. Bh4 c6 9. Bd3 dxc4 10. Bxc4 Nd5 11. Bg3 N7f6 12. Bd3 Re8 13. 0-0 Bd7 14. e4 Nb6 15. Qb3 Rc8 16. Rfd1 c5 17. dxc5 Bxc5 18. Bb5 Qe7 19. Bxd7 Nfxd7 20. Bh4 Qf8 21. a3 Bd6 22. Nb5 Bb8 23. Bg3 e5 24. Qe3 a6 25. Nc3 Qe7 26. Nd5 Qe6 27. Nh4 Rxc1 28. Qxc1 Rc8 29. Qe3 Rc2 30. Nxb6 Ba7 31. Qd3 Qc6 32. Nxd7 1-0